| 000 | 00992nmm a2200313 a 4500 | ||
|---|---|---|---|
| 003 | AR-BaBNM | ||
| 005 | 20251128203800.0 | ||
| 008 | 117019s1969 ||||||||||||||000 | spa|| | ||
| 040 | _cAR-BaBNM | ||
| 100 | 1 | _aFilep, Robert T. | |
| 245 | 1 | 0 | _aLos métodos programados y audiovisuales en la escuela primaria |
| 250 | _a1ª ed. | ||
| 260 |
_aBuenos Aires _bCentro Regional de Ayuda Técnica. Agencia para el Desarrollo Internacional _c1969 |
||
| 300 | 0 | _a132 p. | |
| 504 | _aBibliografía seleccionada p. 126-128 | ||
| 504 | _aBibliografía en castellano p. 129-132 | ||
| 650 | 4 | _aAUXILIARES AUDIOVISUALES | |
| 650 | 4 | _aPROGRAMAS AUDIOVISUALES | |
| 650 | 4 | _aENSENANZA PROGRAMADA | |
| 650 | 4 | _aTECNOLOGIA DE LAS COMUNICACIONES | |
| 650 | 4 | _aTELEVISION EDUCATIVA | |
| 650 | 4 | _aTECNOLOGIA EDUCATIVA | |
| 653 | 0 | _aMETODOS EDUCATIVOS | |
| 700 | 1 | _aHettinger, Charles | |
| 700 | 1 | _aCleaves, Paul C. | |
| 700 | 1 |
_aWolfson, Leandro _etraductor |
|
| 942 | _cBK | ||
| 998 | _cCarmen | ||
| 999 |
_c4932 _d4932 |
||